000 01066nac a22002171u 4500
010 _a 92043956
020 _a0139304398
082 0 0 _a660.2842
_bG292
090 _c3988
_d3988
100 _aGeankoplis, Christie J
245 1 0 _aTransport processes and unit operations /
_cChristie J. Geankoplis.
250 _a3rd ed.
260 _aEngelwood Cliffs, N.J. :
_bPTR Prentice Hall,1993
_c1993.
300 _axiii, 921 p. :
_bill. ;
_c24 cm.
504 _aIncludes bibliographical references and index.
650 0 _aTransport theory.
942 _cBB
_k660.2842G292
999 _c3988
_d3988